| 000 -ლიდერი |
| ფიქსირებული სიგრძის საკონტროლო ველი |
00961nam a2200229Ia 4500 |
| 001 - საკონტროლო ნომერი |
| საკონტროლო ველი |
5838 |
| 003 - საკონტროლო ნომრის იდენტიფიკატორი |
| საკონტროლო ველი |
GE_BSU |
| 005 - ბოლო ოპერაციის თარიღი და დრო |
| საკონტროლო ველი |
20190918161827.0 |
| 008 - ფიქსირებული სიგრძის მონაცემთა ელემენტები - ზოგადი ინფორმაცია |
| ფიქსირებული სიგრძის საკონტროლო ველი |
181216s1955||||ge |||||||||||||| ||geo|| |
| 040 ## - კატალოგიზაციის წყარო |
| Transcribing agency |
GE_BSU |
| 041 ## - ენის კოდი |
| Language code of text/sound track or separate title |
geo |
| 080 ## - უნივერსალური ათობითი კლასიფიკაციის ინდექსი |
| Universal Decimal Classification number |
821.353.1-1+821.353.1-144 ა-58 |
| 100 ## - მთავარი ჩანაწერი - პიროვნების სახელი |
| Personal name |
ამისულაშვილი, შ. |
| 9 (RLIN) |
4041 |
| 245 ## - ცნობა სათაურის შესახებ |
| Title |
ლექსები და ბალადები : |
| Remainder of title |
საუბარი გაზაფხულთან / |
| Statement of responsibility, etc |
შალვა ამისულაშვილი ; რედ. თ. შავიშვილი. |
| 264 ## - წარმოების, გამოცემის, დისტრიბუციის და სხვა ცნობები |
| გამოცემის, წარმოების, დისტრიბუციის... ადგილი |
თბილისი : |
| გამოცემის, წარმოების, დისტრიბუციის... სახელწოდება |
საბჭოთა მწერალი ; |
| გამოცემის, წარმოების, დისტრიბუციის... თარიღი |
1955. |
| 300 ## - ფიზიკური აღწერა |
| Extent |
92 გვ. ; |
| Dimensions |
17 სმ. |
| 653 ## - INDEX TERM--UNCONTROLLED |
| Uncontrolled term |
ლექსები |
| 653 ## - INDEX TERM--UNCONTROLLED |
| Uncontrolled term |
ბალადები |
| 653 ## - INDEX TERM--UNCONTROLLED |
| Uncontrolled term |
საუბარი გაზაფხულთან |
| 700 ## - ADDED ENTRY--PERSONAL NAME |
| Personal name |
შავიშვილი, თ. |
| Relator term |
რედაქტორი |
| 9 (RLIN) |
4098 |
| 942 ## - ADDED ENTRY ELEMENTS (KOHA) |
| Koha item type |
წიგნი |
| Source of classification or shelving scheme |
|